[Event "AUTO-MASTER-2681"]
[Site "http://www.queenalice.com/game.php?id=1532327"]
[Date "2018.6.22"]
[Round "2"]
[White "szachowymag"]
[Black "Mannu"]
[Result "0-1"]
[WhiteElo "2182"]
[BlackElo "2064"]

1. e4 c5 2. Nf3 g6 3. d4 Bg7 4. dxc5 Qa5+ 5. Bd2 Qxc5 6. Bc3 e5 7. Na3 Nf6 8.
Bd3 O-O 9. Nxe5 d5 10. Nxf7 Rxf7 11. exd5 Ne4 0-1

[Event "Challenge"]
[Site "http://www.queenalice.com/game.php?id=1535420"]
[Date "2018.7.19"]
[Round "-"]
[White "jpribeiro"]
[Black "szachowymag"]
[Result "1/2-1/2"]
[WhiteElo "2132"]
[BlackElo "2171"]

1. c4 e5 2. Nc3 f5 3. e4 Nf6 4. exf5 Bc5 5. Bd3 O-O 6. Na4 Be7 7. Nc3 d6 8. g4
h6 9. h4 Nh7 10. Nf3 Nd7 11. b4 a5 12. b5 1/2-1/2

[Event "AUTO-MASTER-2687"]
[Site "http://www.queenalice.com/game.php?id=1538797"]
[Date "2018.8.13"]
[Round "2"]
[White "mandaragit"]
[Black "szachowymag"]
[Result "1-0"]
[WhiteElo "2048"]
[BlackElo "2042"]

1. d4 Nf6 2. Nf3 g6 3. c4 Bg7 4. Nc3 d6 5. e4 O-O 6. h3 Nbd7 7. Bg5 h6 8. Be3 e5
9. d5 b6 10. Nd2 a5 11. Be2 Ne8 12. g4 Nc5 13. h4 f5 14. gxf5 gxf5 15. Qc2 Na6
16. f3 f4 17. Bf2 Kh8 18. a3 Nc5 19. O-O-O a4 20. Rdg1 Rf7 21. Bxc5 bxc5 22.
Nxa4 Bd7 23. Nc3 1-0

[Event "AUTO-MASTER-2687"]
[Site "http://www.queenalice.com/game.php?id=1538798"]
[Date "2018.8.13"]
[Round "2"]
[White "szachowymag"]
[Black "mandaragit"]
[Result "1/2-1/2"]
[WhiteElo "2161"]
[BlackElo "2194"]

1. e4 c5 2. f4 d5 3. e5 e6 4. Nf3 Ne7 5. d3 Nbc6 6. c3 Nf5 7. Be2 h5 8. O-O Be7
9. Na3 Rb8 10. Nc2 b5 11. d4 b4 12. a4 g6 13. Bb5 Bd7 14. cxb4 Nxb4 15. Nxb4
cxb4 16. Be2 a5 17. b3 Qb6 18. Qd3 O-O 19. Bb2 Rfc8 20. Rac1 Kg7 21. Qa6 Qxa6
22. Bxa6 Rxc1 23. Rxc1 Bd8 24. Bd3 1/2-1/2

[Event "AUTO-MASTER-2687"]
[Site "http://www.queenalice.com/game.php?id=1538801"]
[Date "2018.8.13"]
[Round "2"]
[White "madriles"]
[Black "szachowymag"]
[Result "1-0"]
[WhiteElo "2016"]
[BlackElo "2140"]

1. d4 d5 2. c4 e5 3. e3 exd4 4. exd4 Nf6 5. Nf3 dxc4 6. Bxc4 Bb4+ 7. Bd2 Bxd2+
8. Nbxd2 O-O 9. O-O Bg4 10. Qb3 b6 11. Ne5 Bh5 12. Ndf3 Nbd7 13. Nxf7 Bxf7 14.
Bxf7+ Kh8 15. Ng5 Qe7 16. Rfe1 Qd6 17. Bh5 Nxh5 18. Nf7+ Rxf7 19. Qxf7 Nhf6 20.
Re7 Rg8 21. Rae1 Qxd4 22. Qb3 Nc5 23. Qc2 Qf4 24. Qe2 h6 25. g3 Qa4 26. b3 Qc6
27. b4 Ncd7 28. Qd2 Qb5 29. Rd1 Ne5 30. Qf4 Ng6 31. Qxc7 Nxe7 32. Qxe7 a5 33.
bxa5 bxa5 34. Qe6 Re8 35. Qf7 1-0

[Event "AUTO-MASTER-2687"]
[Site "http://www.queenalice.com/game.php?id=1538802"]
[Date "2018.8.13"]
[Round "2"]
[White "szachowymag"]
[Black "madriles"]
[Result "1-0"]
[WhiteElo "2154"]
[BlackElo "1991"]

1. e4 d6 2. d4 Nf6 3. Bd3 g6 4. c3 Bg7 5. f4 O-O 6. Nf3 e6 7. e5 Nfd7 8. O-O Nc6
9. g4 dxe5 10. fxe5 f6 11. exf6 Bxf6 12. Bh6 Re8 13. Nbd2 e5 14. Ne4 Bg7 15.
Bxg7 Kxg7 16. Nfg5 exd4 17. Rf7+ Kg8 18. Rxh7 Nf6 19. Bc4+ Be6 20. Nxe6 Rxe6 21.
Ng5 Nxh7 22. Nxe6 Qc8 23. Nxc7+ Kg7 24. Nxa8 Qxa8 25. cxd4 Qd8 26. d5 Ne5 27.
Qd4 Qd6 28. Re1 Kf6 29. Qf4+ Kg7 30. Qxe5+ Qxe5 31. Rxe5 1-0

[Event "God is love."]
[Site "http://www.queenalice.com/game.php?id=1538823"]
[Date "2018.8.14"]
[Round "-"]
[White "aledibattista"]
[Black "szachowymag"]
[Result "1-0"]
[WhiteElo "2239"]
[BlackElo "2015"]

1. Nf3 d6 2. d4 g6 3. c4 Bg7 4. e4 Nc6 5. Nc3 e5 6. Be3 Bg4 7. d5 Nd4 8. Be2
Nxe2 9. Qxe2 Ne7 10. h3 Bxf3 11. Qxf3 O-O 12. g4 f5 13. gxf5 gxf5 14. Qg2 f4 15.
Rg1 Rf7 16. Bd2 Ng6 17. f3 Qh4+ 18. Ke2 a6 19. Be1 Qe7 20. a4 1-0

[Event "AUTO-OPEN-3972"]
[Site "http://www.queenalice.com/game.php?id=1541261"]
[Date "2018.9.5"]
[Round "1"]
[White "fpferreira"]
[Black "szachowymag"]
[Result "0-1"]
[WhiteElo "1395"]
[BlackElo "2172"]

1. e4 e6 2. d4 d5 3. e5 c5 4. c3 Nc6 5. Nf3 Bd7 6. Bb5 Nxe5 7. Bxd7+ Nxd7 8. Bg5
Qb6 9. O-O Qxb2 10. Nbd2 Qxc3 0-1

[Event "AUTO-OPEN-3972"]
[Site "http://www.queenalice.com/game.php?id=1541262"]
[Date "2018.9.5"]
[Round "1"]
[White "szachowymag"]
[Black "fpferreira"]
[Result "1-0"]
[WhiteElo "2182"]
[BlackElo "1478"]

1. e4 e5 2. Nf3 d6 3. d4 exd4 4. Nxd4 Be7 5. Nc3 Nf6 6. Be3 O-O 7. f3 h6 8. Qd2
c5 9. Nb3 a5 10. a4 b6 11. O-O-O Ba6 12. Bxa6 Nxa6 13. Nb5 Nb4 14. Nxd6 Bxd6 15.
Qxd6 Qxd6 16. Rxd6 Rab8 17. c3 Nd3+ 18. Rxd3 Rbd8 19. Rhd1 Rxd3 20. Rxd3 c4 21.
Rd6 Rb8 22. Nd2 Ne8 23. Rxb6 Rxb6 24. Bxb6 Nd6 25. Bxa5 g5 26. Bb4 1-0

[Event "AUTO-OPEN-3972"]
[Site "http://www.queenalice.com/game.php?id=1541292"]
[Date "2018.9.5"]
[Round "1"]
[White "avieytoa"]
[Black "szachowymag"]
[Result "0-1"]
[WhiteElo "1786"]
[BlackElo "2183"]

1. e4 e5 2. Nf3 Nc6 3. Bc4 Bc5 4. d3 Nf6 5. Ng5 O-O 6. h3 Na5 7. Nd2 Nxc4 8.
Nxc4 d6 9. a3 a5 10. Bd2 h6 11. Nf3 b6 12. Qe2 Ba6 13. b4 axb4 14. axb4 Bxc4 15.
Rxa8 Qxa8 16. dxc4 Bxf2+ 17. Kxf2 Nxe4+ 18. Kg1 Ng3 19. Qf2 Nxh1 20. Kxh1 Qe4
21. Qg3 Kh7 22. c3 Qxc4 23. Qf2 f5 24. Ne1 g5 25. Kh2 e4 26. g3 c5 27. bxc5 bxc5
28. Ng2 Qe6 29. Be3 Ra8 30. Qe1 Ra2 31. Qb1 Qc4 32. Qe1 d5 33. Bd2 d4 34. cxd4
cxd4 35. g4 Qc2 0-1

[Event "AUTO-OPEN-3972"]
[Site "http://www.queenalice.com/game.php?id=1541293"]
[Date "2018.9.5"]
[Round "1"]
[White "szachowymag"]
[Black "AyltonChessGM"]
[Result "1/2-1/2"]
[WhiteElo "2184"]
[BlackElo "2148"]

1. e4 c5 2. Nf3 Nc6 3. d4 cxd4 4. Nxd4 e5 5. Nb5 a6 6. Nd6+ Bxd6 7. Qxd6 Qe7 8.
Qxe7+ Ngxe7 9. c3 d5 10. Bd3 dxe4 11. Bxe4 f5 12. Bc2 O-O 13. Be3 b5 14. Bc5 Re8
15. Bxe7 Rxe7 16. Nd2 1/2-1/2

[Event "AUTO-OPEN-3972"]
[Site "http://www.queenalice.com/game.php?id=1541294"]
[Date "2018.9.5"]
[Round "1"]
[White "AyltonChessGM"]
[Black "szachowymag"]
[Result "1-0"]
[WhiteElo "2159"]
[BlackElo "2183"]

1. d4 Nf6 2. c4 g6 3. Nf3 Bg7 4. Nc3 d5 5. e3 O-O 6. h3 b6 7. Be2 Bb7 8. O-O e6
9. a3 Nbd7 10. cxd5 Nxd5 11. Bd2 e5 12. dxe5 Nxe5 13. Nxe5 Bxe5 14. Rc1 Qg5 15.
Nxd5 Bxb2 16. Rb1 Bxa3 17. e4 Qe5 18. Bf3 Bxd5 19. exd5 Rad8 20. Re1 Qd4 21. Be3
1-0

[Event "AUTO-OPEN-3982"]
[Site "http://www.queenalice.com/game.php?id=1545341"]
[Date "2018.10.9"]
[Round "1"]
[White "szachowymag"]
[Black "CleitonNog1986"]
[Result "0-1"]
[WhiteElo "2124"]
[BlackElo "1740"]

1. e4 c5 2. Nf3 d6 3. d4 cxd4 4. Nxd4 Nf6 5. Nc3 e5 6. Ndb5 a6 7. Na3 Nc6 8. Bg5
Be7 9. Bxf6 Bxf6 10. Nd5 O-O 11. c4 Be6 12. Nc2 Bg5 13. g3 Rc8 14. Bg2 Qa5+ 15.
b4 Qd8 16. O-O f5 0-1

[Event "AUTO-OPEN-3982"]
[Site "http://www.queenalice.com/game.php?id=1545342"]
[Date "2018.10.9"]
[Round "1"]
[White "CleitonNog1986"]
[Black "szachowymag"]
[Result "1-0"]
[WhiteElo "1770"]
[BlackElo "2101"]

1. d4 d5 2. c4 dxc4 3. Nf3 a6 4. e4 b5 5. Nc3 Bb7 6. Qc2 Nf6 7. b4 cxb3 8. axb3
e6 9. Bg5 Be7 10. Bd3 h6 11. Bxf6 Bxf6 12. Ne2 1-0

[Event "AUTO-OPEN-3982"]
[Site "http://www.queenalice.com/game.php?id=1545343"]
[Date "2018.10.9"]
[Round "1"]
[White "szachowymag"]
[Black "clovis"]
[Result "0-1"]
[WhiteElo "2170"]
[BlackElo "2017"]

1. e4 e5 2. Nf3 Nc6 3. d4 exd4 4. Bc4 d6 5. Nxd4 Nf6 6. Nc3 Bd7 7. f3 Be7 8. Be3
O-O 9. Qd2 Ne5 10. Be2 c5 11. Nb3 a6 12. O-O-O b5 13. g4 Nc4 14. Bxc4 bxc4 15.
Na1 a5 16. g5 Nh5 17. Nd5 Rb8 18. Nxe7+ Qxe7 19. Qxd6 Qxd6 20. Rxd6 Be6 21. Bxc5
Nf4 0-1

[Event "AUTO-OPEN-3982"]
[Site "http://www.queenalice.com/game.php?id=1545344"]
[Date "2018.10.9"]
[Round "1"]
[White "clovis"]
[Black "szachowymag"]
[Result "1-0"]
[WhiteElo "2102"]
[BlackElo "2175"]

1. e4 c5 2. Nf3 Nc6 3. Bb5 g6 4. O-O Bg7 5. c3 a6 6. Ba4 b5 7. Bc2 Bb7 8. d4 c4
9. e5 e6 10. Ng5 Nge7 11. Ne4 O-O 12. Bg5 Qc7 13. Qf3 Nf5 14. Qh3 h5 15. Nf6+
Kh8 16. Bxf5 exf5 17. Nd2 Nd8 18. Nxh5 gxh5 19. Qxh5+ Kg8 20. Bf6 Bxf6 21. exf6
Qf4 22. Rfe1 Qg4 23. Qxg4+ fxg4 24. Re3 Kh7 25. Rae1 Ne6 26. Ne4 Bxe4 27. Rxe4
1-0

[Event "AUTO-OPEN-3982"]
[Site "http://www.queenalice.com/game.php?id=1545345"]
[Date "2018.10.9"]
[Round "1"]
[White "szachowymag"]
[Black "renocharlier"]
[Result "1-0"]
[WhiteElo "2153"]
[BlackElo "1427"]

1. e4 e5 2. Nf3 f6 3. Nxe5 fxe5 4. Qh5+ g6 5. Qxe5+ Qe7 6. Qxh8 Qg7 7. Qxg7 Bxg7
8. g3 d6 9. Bg2 Ne7 10. O-O Be5 11. c3 Be6 12. d4 Bf6 13. f4 Nd7 14. e5 dxe5 15.
fxe5 Bxe5 16. dxe5 Nxe5 17. Bf4 N7c6 18. Bxe5 Nxe5 19. Re1 Rd8 20. Rxe5 Rd1+ 21.
Kf2 c6 22. Rxe6+ Kf7 23. Re1 1-0

[Event "AUTO-OPEN-3982"]
[Site "http://www.queenalice.com/game.php?id=1545346"]
[Date "2018.10.9"]
[Round "1"]
[White "renocharlier"]
[Black "szachowymag"]
[Result "1-0"]
[WhiteElo "1401"]
[BlackElo "2072"]

1. Nc3 Nf6 2. e4 e5 3. Nd5 Nxe4 4. Bd3 Nc5 5. Bc4 c6 6. Nb4 d5 7. Bxd5 cxd5 8.
Nxd5 Qxd5 9. Nf3 Bg4 10. Qe2 Bxf3 11. gxf3 Nc6 12. d3 Nd4 13. Qd1 Nxf3+ 14. Ke2
O-O-O 15. Be3 e4 16. Qf1 f5 17. Rd1 exd3+ 18. cxd3 Re8 19. d4 Nxd4+ 20. Kd2
Ndb3+ 21. Kc3 Ne4+ 22. Kc2 Qa5 23. Qc4+ Qc7 24. Qxc7+ Kxc7 25. axb3 1-0